| 000 | 00461nam a2200205Ia 4500 | ||
|---|---|---|---|
| 001 | 004252 | ||
| 003 | YMCAF | ||
| 005 | 20230512160254.0 | ||
| 008 | 100717s1972 ||||||||||||||||| ||und|d | ||
| 024 | _a4252 | ||
| 035 | _a4251 | ||
| 040 |
_aYMCAF _beng _cIN-KoLT |
||
| 041 | _aeng | ||
| 082 |
_a621.38152 _bMAT |
||
| 100 | _aMatthews John I. | ||
| 245 | 0 | _aSolid state electronics concepts | |
| 260 |
_bMc-Grawhill _c1972 |
||
| 300 | _a406 | ||
| 942 |
_2ddc _cBK |
||
| 999 |
_c3405 _d3405 |
||